Por la defensa del presupuesto de la educación superior
Guardat en:
| Autor corporatiu: | |
|---|---|
| Format: | Text |
| Publicat: |
San José :
|
| Etiquetes: |
Afegir etiqueta
Sense etiquetes, Sigues el primer a etiquetar aquest registre!
|
MARC
| LEADER | 00000 a a2200000 04500 | ||
|---|---|---|---|
| 001 | 14189 | ||
| 003 | |||
| 040 | |||
| 090 | |a 020700 | ||
| 110 | |a Federación de Trabajadores de la Educación Superior | ||
| 245 | |a Por la defensa del presupuesto de la educación superior | ||
| 260 | |a San José : | ||
| 300 | |a 1 p. | ||
| 999 | |c 13058 |d 13058 | ||
